All Lil Baby Songs - Statistics

General Stats
  • This quiz has been taken 1,203 times
    473 since last reset
  • The average score is 40 of 184
Answer Stats
Album Song % Correct
Drip Harder Drip Too Hard
77%
It's Only Me FR
74%
Too Hard Freestyle
65%
My Turn We Paid
56%
Street Gossip Pure Cocaine
55%
Harder Than Ever Yes Indeed
55%
My Turn Woah
51%
My Turn Sum 2 Prove
49%
My Turn Grace
48%
It's Only Me California Breeze
47%
Drip Harder Close Friends
47%
My Turn Low Down
47%
My Turn Emotionally Scarred
46%
Harder Than Hard Life
44%
Single #7 On Me
43%
Single #4 The Bigger Picture
43%
It's Only Me | My Turn Forever
41%
My Turn How
41%
Harder Than Ever Life Goes On
41%
The Voice of the Heroes Hats Off
40%
My Turn Commercial
39%
My Turn Heatin Up
39%
It's Only Me In a Minute
38%
Drip Harder Never Recover
38%
Street Gossip Ready
38%
It's Only Me Heyy
37%
Harder Than Hard My Dawg
37%
My Turn Humble
33%
It's Only Me Perfect Timing
33%
It's Only Me Real Spill
33%
The Voice of the Heroes Voice of the Heroes
33%
The Voice of the Heroes 2040
32%
My Turn All In
32%
Control the Streets, Volume 2 Baby
32%
Single #23 | The Voice of the Heroes Okay
31%
It's Only Me Pop Out
31%
My Turn Get Ugly
30%
My Turn Live Off My Closet
30%
My Turn No Sucker
30%
Harder Than Ever Southside
30%
It's Only Me Never Hating
29%
Single #18 Go Hard
28%
Single #12 Right On
28%
It's Only Me Russian Roulette
28%
Single #25 Crazy
27%
It's Only Me Stand On It
27%
The Voice of the Heroes That's Facts
27%
My Turn Forget That
26%
The Voice of the Heroes How It Feels
26%
The Voice of the Heroes Man of My Word
26%
Harder Than Ever Never Needed No Help
26%
It's Only Me Not Finished
26%
Street Gossip Time
26%
My Turn Catch the Sun
25%
Single #14 Frozen
25%
My Turn Get Money
25%
Harder Than Ever Intro
25%
Drip Harder Off White Vlone
25%
My Turn Consistent
24%
Drip Harder I Am
24%
My Turn Social Distancing
24%
It's Only Me From Now On
23%
Too Hard Money
23%
It's Only Me Waterfall Flow
23%
Too Hard All of a Sudden
22%
It's Only Me Back and Forth
22%
Single #6 Errbody
22%
The Voice of the Heroes Still Runnin
22%
Street Gossip This Week
22%
Perfect Timing Up
22%
The Voice of the Heroes Who I Want
22%
Drip Harder Belly
21%
It's Only Me Danger
21%
Single #16 Detox
21%
My Turn Gang Signs
21%
Street Gossip Global
21%
My Turn Hurtin
21%
The Voice of the Heroes Rich Off Pain
21%
My Turn Same Thing
21%
It's Only Me Shiest Talk
21%
My Turn We Should
21%
Single #24 350
20%
Drip Harder Business Is Business
20%
Harder Than Ever Cash
20%
Street Gossip Crush a Lot
20%
It's Only Me Double Down
20%
It's Only Me Everything
20%
Harder Than Ever Leaked
20%
The Voice of the Heroes Lying
20%
It's Only Me No Fly Zone
20%
Street Gossip No Friends
20%
The Voice of the Heroes Please
20%
It's Only Me Top Priority
20%
Harder Than Ever Bank
19%
It's Only Me Cost to Be Alive
19%
The Voice of the Heroes Medical
19%
My Turn Solid
19%
Harder Than Ever Spazz
19%
My Turn Can't Explain
18%
Street Gossip Realist in It
18%
Street Gossip Word on the Street
18%
The Voice of the Heroes Bruised Up
17%
Street Gossip Chastised
17%
Harder Than Ever Exotic
17%
Harder Than Ever First Class
17%
The Voice of the Heroes If You Want To
17%
Single #8 Real As It Gets
17%
The Voice of the Heroes Still Hood
17%
Harder Than Ever Throwing Shade
17%
Too Hard To the Top
17%
The Voice of the Heroes Make It Out
16%
Too Hard Money Forever
16%
Street Gossip Section 8
16%
It's Only Me Stop Playin
16%
The Voice of the Heroes Up the Side
16%
2 the Hard Way 2 the Hard Way
15%
Street Gossip Anyway
15%
Harder Than Hard Narcs
15%
Perfect Timing Option
15%
Single #15 U-Digg
15%
Perfect Timing Days Off
14%
Drip Harder Deep End
14%
Street Gossip Dreams 2 Reality
14%
Harder Than Ever Fit In
14%
Harder Than Ever I'm Straight
14%
Harder Than Ever Right Now
14%
Harder Than Ever Transporter
14%
Drip Harder Underdog
14%
Drip Harder World Is Yours
14%
Single #19 Merch Madness
13%
Perfect Timing Our Year
13%
Single Out the Mud
13%
Harder Than Hard A-Town
12%
Too Hard Best of Me
12%
Harder Than Ever Boss B***h
12%
Too Hard Hurry
12%
Harder Than Hard My Drip
12%
Drip Harder My Jeans
12%
Perfect Timing 9To5
11%
Harder Than Hard Dates
11%
Single #11 Do We Have a Problem?
11%
Perfect Timing Grindin
11%
2 the Hard Way My N***a
11%
Harder Than Hard Pink Slip
11%
Perfect Timing Plug
11%
Perfect Timing Racks In
11%
Perfect Timing Rider
11%
Drip Harder Seals Pills
11%
Drip Harder Style Stealer
11%
Too Hard Sum More
11%
Too Hard Trap Star
11%
Perfect Timing 100 Round
10%
Too Hard Dive In
10%
Too Hard Eat or Starve
10%
Harder Than Hard Ride or Die
10%
Too Hard Slow Mo
10%
Harder Than Hard Stendo
10%
Too Hard Stick On Me
10%
Perfect Timing Trust
10%
Perfect Timing For You
9%
Too Hard Going for It
9%
Too Hard Ride My Wave
9%
2 the Hard Way Big Tymers
8%
2 the Hard Way Chance
8%
Harder Than Hard Large
8%
2 the Hard Way Rac Racing
8%
Harder Than Hard Survive Da Motion
8%
2 the Hard Way Time After Time
8%
Too Hard Vision Clear
8%
Single #21 Pepper
7%
2 the Hard Way Really Did It
7%
2 the Hard Way Set Up Shop (Remix)
7%
Single #9 We Win
6%
Single #2 Phone Down
5%
Single #3 Toast Up
5%
Single #20 SUPPOSED TO BE LOVED
4%
Single #22 Bout to Blow
3%
Single #17 The World Is Yours to Take
3%
Single #10 M&M
2%
Single #5 Trenches
2%
2 the Hard Way Wathchu Gon Do
2%
Harder Than Hard MinuteUs-aea-81-67607
1%
No matching quizzes found
Score Distribution
Percent of People with Each Score
Percentile by Number Answered
Your Score History
You have not taken this quiz since the last reset